000 00676nam a2200229 a 4500
008
020 _a0077079744 (pbk.)
049 _aMAIN
090 _aTA345
_bTIZ
100 1 _aTizzard, Andrew.
245 1 3 _aAn introduction to computer-aided engineering /
_cAndrew Tizzard.
260 _aLondon :
_bMcGraw-Hill,
_cc1994.
300 _axvi, 293 p. :
_bill. ;
_c23 cm.
504 _aIncludes bibliographical references.
500 _aIncludes index.
650 0 _aComputer-aided engineering.
907 _a.b10021899
_b08-05-12
_c17-04-03
003
005 20230123133632.0
040 _cNUST
942 _cBOOKS
_kTA345
_mTIZ
999 _c152013
_d152013